01797nam a2200421 a 4500001001000000003000500010005001700015008004100032010001100073011001100084040000900095090001000104100003900114245011900153260004100272500006000313502011000373590004100483590004100524590003700565590004000602590004000642590004000682650003600722650003500758650003600793650005300829650005100882650003800933856001600971856007000987901000701057942001001064942000601074999001901080952014001099952013601239000108810CHAP20220329144025.0140313s2013 mx sm |||||||spa d a105272 a106244 cCHAP aTesis1 aCaballero Caballero, Clara912587310aEducación a distancia virtual para el Posgrado. Bases de un modeloh[En línea]cpor Clara Caballero Caballero. aChapingo, Méx. :bEl autor,c2013. aPara ver el contenido del material haga clic en la liga aTesis (Ph. D. en Ciencias en Educación Agrícola Superior) -- UACH. Departamento de Sociología Rural aBATCH-UPDb05c20140324lUCH01h1536 aBATCH-UPDb05c20141002lUCH01h0857 aBATCHb00c20181121lUCH01h0759 aE6096MTMb05c20140313lUCH01h1034 aE6096MTMb05c20140313lUCH01h1034 aE6096MTMb05c20140313lUCH01h104014aEducación a distancia.93548814aEducación agrícola.93549114aEducación audiovisual.93555814aEducaciónxInnovaciones tecnológicas.93545614aEducaciónxSistemas de información.93547914aExtensión universitaria.939208 a1 n0001079 aFinding aiduhttp://10.13.5.2/tesis/sist108810.pdfzTeclea aquí aBK cTESIS n0 c105272d105272 00102local4053708TESISaBCbBCcPA_TESISd2014-03-13fTESISl0oTesisp33724002401801r2019-12-31 00:00:00tc.2w2019-12-31yTESIS 00104054718TESISaBCbBCd2014-03-13fTESISl0oTesisp33724002401842r2019-12-31 00:00:00w2019-12-31yTESISzRecien adquirido